AnaFin analýzy - financie - výkazy
Salvato in:
| Natura: | Periodico |
|---|---|
| Lingua: | slovacco |
| Pubblicazione: |
Bratislava
Verlag Dashöfer
|
| Tags: |
Nessun Tag, puoi essere il primo ad aggiungerne!!
|
MARC
| LEADER | 00000nls a2200000 4500 | ||
|---|---|---|---|
| 001 | 0277472 | ||
| 005 | 20240417073940.9 | ||
| 022 | |a 1339-3901 | ||
| 041 | 0 | |a slo | |
| 044 | |a SK | ||
| 245 | 1 | 0 | |a AnaFin |b analýzy - financie - výkazy |
| 264 | 1 | |a Bratislava |b Verlag Dashöfer | |